[Event "Biel MTO op"]
[Site "Biel"]
[Date "2000.07.25"]
[Round "2"]
[White "Volokitin, Andrei"]
[Black "Avrukh, Boris"]
[Result "0-1"]
[WhiteElo "2450"]
[BlackElo "2625"]
[Annotator "Avrukh,B"]
[PlyCount "60"]
[EventDate "2000.07.24"]
[EventType "swiss"]
[EventRounds "11"]
[EventCountry "SUI"]
[SourceTitle "CBM 077 Extra"]
[Source "ChessBase"]
[SourceDate "2000.09.14"]
[SourceVersion "1"]
[SourceVersionDate "2000.09.14"]
[SourceQuality "1"]

1. e4 c5 2. Nf3 d6 3. d4 cxd4 4. Nxd4 Nf6 5. Nc3 Nc6 6. Be2 e5 7. Nf3 h6 8. O-O
Be7 9. Re1 O-O 10. h3 a6 11. Bf1 Qc7 12. Nh2 {A standart idea in this
variation,white immediately starts to fight for the d5-square.} (12. b3 b6 (
12... b5 $5) 13. Bb2 Bb7 14. Qd2 Rad8 15. Nd5 Nxd5 16. exd5 Nb8 17. c4 a5 18.
a3 Nd7 19. b4 $14 {0-1 Mikheev,S-Sherbakov,R/Smolensk RUS 2000/The Week in
Chess 285 (37)}) 12... Bd8 $1 {I like this unusual move very much,now black is
really ready for 13Ng4} (12... Be6 $143 13. Nd5 Bxd5 14. exd5 Na5 15. b3 $14 {
[%cal Gc2c4]}) 13. Ng4 $146 (13. Be3 Be6 14. a3 (14. Qd2 Qd7 15. f3 $2 (15. a3
$142) 15... Ba5 16. Ng4 Nxg4 17. hxg4 Rac8 18. Red1 Qd8 19. Qf2 Nd4 $15 {
1/2-1/2 Galkin,A-Galliamova,A/Azov 1996/CBM 56 ext (52)}) (14. Nd5 Bxd5 15.
exd5 Ne7 16. c4 b5 $1 (16... Qc8 17. b4 a5 18. a3 Nf5 19. Bd2 axb4 20. Bxb4 Qb8
{[%cal Gd8b6]} 21. Rb1 Bb6 22. Ng4 Nxg4 23. Qxg4 Nd4 24. Rxe5 dxe5 25. Bxf8
Kxf8 26. Rxb6 Qc7 27. Rb1 b6 $44 {1/2-1/2 Galkin,A-Sherbakov,R/Krasnodar 1997/
EXT 2000 (39)}) 17. b3 bxc4 18. bxc4 Nf5 19. Bd2 Qc5 20. Ng4 Nd4 21. Bd3 $2 (
21. Be3 $142 $11) 21... Nxg4 22. Qxg4 f5 $17 {1/2-1/2 Rotman,D-Greenfeld,A/
Ramat Aviv ISR 2000/The Week in Chess 287 (41)}) 14... Qd7 15. Qd3 (15. Qf3 $5)
15... Ne7 $1 16. Rad1 Ba5 17. f4 $5 (17. b4 Bc7 $13 {[%cal Ga8d8,Gd7c8,Gd6d5]})
(17. Qxd6 Qxd6 18. Rxd6 Bxc3 19. bxc3 Nxe4 20. Rb6 Bd5 $11) 17... Bxc3 18. Qxc3
Nxe4 19. Qb4 d5 20. fxe5 Nc6 21. Qb6 Nxe5 22. c4 $44 {1/2-1/2 Zagrebelny,
S-Sherbakov,R/Novgorod 1997/CBM 60/[Gofshtein,L] (54)} (22. Bxh6 gxh6 23. Rxe4
dxe4 24. Rxd7 Nxd7 25. Qe3 f5 26. Qxh6 Rf6 27. Qg5+ Kf7 $13)) 13... Nxg4 14.
hxg4 (14. Nd5 Qd7 15. hxg4 Qxg4 $17) 14... Be6 15. Be3 $6 {Unaccurate move,
after which black gets very easy play.} (15. Nd5 Qd7 {[%csl Gg4]} 16. Ne3 $1
$11 {[%cal Ge3f5]} (16. Be2 Nd4)) 15... Qd7 16. f3 Ba5 $15 {[%cal Ga5e1]
Strangely enough ,but making normal moves white faces real problems .} 17. Re2
$2 {After this move white really getting in trouble} (17. Qd3 $142 Rac8 18.
Red1 Ne7 $15 (18... Bxc3 19. bxc3 Na5 20. Qxd6 Qxd6 21. Rxd6 Rxc3 22. Bd2 Ra3
23. Bb4 Ra4 24. Rxe6 fxe6 25. Bxf8 Kxf8 26. Kf2 $11)) (17. Qd2 {see
Galkin-Galiamova}) 17... Ne7 (17... Bxc3 18. bxc3 Qc7 19. Rd2 Rfd8 20. Rb1 $132
{[%cal Ge3b6]}) 18. Rd2 (18. Nd5 Bxd5 19. exd5 Qc7 {[%cal Ga5b6,Gf7f5] and
black has clearly better prospects}) 18... Rfd8 19. Qe2 (19. Bc5 Rac8 $1 (19...
d5 20. exd5 (20. b4 Rac8 $17) 20... Nxd5 21. b4 Nxc3 22. Rxd7 Nxd1 23. Rdxd1
$11) 20. Rxd6 Qc7 21. b4 Rxd6 22. Qxd6 Qxd6 23. Bxd6 Bb6+ 24. Kh1 Rxc3 25. Bxe7
Rxc2 $17) 19... d5 $1 {In first sight this move looks,like missing the
advantage at all,but after some thinking i found a very nice tactical idea.} (
19... Qc6 $17) 20. exd5 Nxd5 21. Qf2 (21. Nxd5 Bxd2 22. Nb6 Qb5 $3 {[%mdl 64]}
23. Qxd2 (23. c4 Qxb2) (23. Nxa8 Qxe2 24. Bxe2 Bxe3+ $19 {[%cal Gd8a8]}) 23...
Qxb6 $1) 21... Bxc3 22. bxc3 Qc7 23. Rad1 (23. c4 Nxe3 24. Rxd8+ Rxd8 25. Qxe3
Bxc4 26. Bxc4 Qxc4 27. Qxe5 Qxc2 $19) 23... Qxc3 $19 24. Rd3 Qc7 25. Bc5 $2
$138 (25. a3 $142) 25... Rac8 26. c4 Qxc5 27. cxd5 Rxd5 28. Rxd5 Bxd5 29. Qxc5
Rxc5 30. a3 Kf8 0-1

[Event "London WFW"]
[Site "London"]
[Date "1990.??.??"]
[Round "?"]
[White "King, Daniel J"]
[Black "Frias Pablaza, Victor J"]
[Result "1-0"]
[WhiteElo "2515"]
[BlackElo "2500"]
[Annotator "Boensch,U"]
[PlyCount "29"]
[EventDate "1990.04.??"]
[EventType "tourn"]
[EventRounds "13"]
[EventCountry "ENG"]
[EventCategory "11"]
[SourceTitle "CBM 018"]
[Source "ChessBase"]
[SourceDate "1990.10.01"]
[SourceVersion "1"]
[SourceVersionDate "1990.10.01"]
[SourceQuality "1"]

1. e4 {Bönsch} c5 2. Nf3 d6 3. d4 cxd4 4. Nxd4 Nf6 5. Nc3 Nc6 6. Be2 e5 7. Nf3
Be7 {7...h6} 8. Bg5 O-O 9. O-O Be6 10. Bxf6 (10. Qd2 h6 11. Bxf6 Bxf6 12. Rfd1
Qa5 13. Nd5 $14 {Smyslov - Hort Tilburg 1977}) 10... Bxf6 11. Nd5 Rc8 12. c3
Bg5 13. Nxg5 Qxg5 14. Qd3 Ne7 $4 (14... f5 $5 15. Ne3 $2 (15. f3 $10) 15... f4
16. Qxd6 Bh3 $19) (14... Rfd8 $10) 15. Qg3 $1 1-0

[Event "Interzonal-16"]
[Site "Biel"]
[Date "1993.??.??"]
[Round "5"]
[White "Ye, Jiangchuan"]
[Black "Granda Zuniga, Julio E"]
[Result "0-1"]
[WhiteElo "2535"]
[BlackElo "2605"]
[Annotator "Boensch,U"]
[PlyCount "86"]
[EventDate "1993.07.16"]
[EventType "swiss"]
[EventRounds "13"]
[EventCountry "SUI"]
[SourceTitle "CBM 037"]
[Source "ChessBase"]
[SourceDate "1993.12.01"]
[SourceVersion "1"]
[SourceVersionDate "1993.12.01"]
[SourceQuality "1"]

1. e4 c5 2. Nf3 Nc6 3. d4 cxd4 4. Nxd4 Nf6 5. Nc3 d6 6. Be2 e5 7. Nf3 h6 8. O-O
Be7 9. Re1 O-O 10. h3 Be6 11. Bf1 Rc8 (11... Nb8 12. a4 Nbd7 13. a5 a6 14. b3
$146 Rc8 15. Bb2 Re8 16. Nd5 Nxd5 17. exd5 Bf5 18. c4 e4 19. Nd2 Bf6 $10 {
Smirin,I-Lerner,K Moskow (op) 1992 1-0 51 -Inf.57/198}) 12. Nd5 Bxd5 13. exd5
Nb8 14. c4 Nbd7 15. b4 (15. Be3 Nh7 16. b4 b6 17. Rc1 f5 18. c5 f4 19. cxd6
Bxd6 20. Bd2 Ng5 21. Rc6 $16 {Luther,T-Roos,T Bonn 1993 1-0 29}) 15... a5 16.
a3 Nb6 17. Qb3 a4 18. Qa2 $8 Qc7 19. Nd2 Nfd7 20. Rd1 (20. Bb2 Bg5 21. Ne4 Nxc4
22. Bxc4 Qxc4 23. Qxc4 Rxc4 24. Nxd6 Rc2 25. Rab1 $10 (25. Bxe5 $2 Nxe5 26.
Rxe5 Bf4 $19)) 20... Kh8 {/\f5} 21. Bb2 f5 22. Rac1 e4 23. Nb1 {/\Nc3-b5} Bg5
24. Rc2 e3 $1 $132 25. fxe3 Bxe3+ 26. Kh1 Qd8 27. Nc3 Qh4 28. Nb5 Nf6 29. Bxf6
(29. Nxd6 Nh5 30. Be5 (30. Nxc8 Ng3+ 31. Kh2 Qf4 $1 $19) 30... Rce8 31. Nxe8
Rxe8 $40) 29... Rxf6 30. Rc3 f4 31. Qc2 Nd7 32. Qe4 Qh5 33. Qf3 Qg5 34. c5 Ne5
35. Qe2 dxc5 36. d6 b6 37. bxc5 bxc5 38. Rd5 Rf7 39. Qe1 Rd8 40. Be2 Rf5 41.
Nc7 Qg3 42. Qf1 f3 $1 $19 43. Rxe3 (43. Bxf3 Nxf3 44. gxf3 Rxf3 45. Qg2 Qe1+
46. Kh2 Bf4+ $19) (43. gxf3 Rh5 $19) 43... Ng4 $1 (43... Ng4 44. hxg4 Qh4+ 45.
Kg1 f2+ $19) 0-1

[Event "Graz zt"]
[Site "Graz"]
[Date "1993.??.??"]
[Round "4"]
[White "Hoelzl, Franz"]
[Black "Lobron, Eric"]
[Result "0-1"]
[WhiteElo "2385"]
[BlackElo "2620"]
[Annotator "Boensch,U"]
[PlyCount "74"]
[EventDate "1993.03.??"]
[EventType "tourn"]
[EventRounds "13"]
[EventCountry "AUT"]
[EventCategory "8"]
[SourceTitle "CBM 035"]
[Source "ChessBase"]
[SourceDate "1993.08.01"]
[SourceVersion "1"]
[SourceVersionDate "1993.08.01"]
[SourceQuality "1"]

1. e4 c5 2. Nf3 d6 3. d4 cxd4 4. Nxd4 Nf6 5. Nc3 Nc6 6. Be2 e5 7. Nf3 Be7 8.
O-O h6 9. Re1 O-O 10. Bf1 $6 (10. h3 Be6 11. Bf1 Nb8 (11... Rc8 $5) (11... Qa5
$5) 12. a4 Nbd7 13. a5 a6 14. Nd5 Nxd5 15. exd5 Bf5 16. c4 Re8 $6 $146 17. b4
e4 18. Nd4 Bg6 19. Bf4 Rc8 20. Qd2 $16 {(Kindermann) Kindermann,S-Kozul,Z
Munich 1992/93 -Inf.56/208}) 10... Bg4 $10 (10... Nb8 11. b3 Be6 12. Bb2 Nbd7
13. Na4 Nb6 14. Nxb6 Qxb6 15. h3 a5 16. a4 Rac8 17. Nd2 Rfd8 $10 {Totsky,
L-Kiselev,S Moskow ZSKS 1992 1/2 27}) 11. h3 Bh5 12. g4 $5 (12. Be2 $6 Bg6 13.
Bc4 Rc8 14. Nh2 Nd4 15. Bd3 Bh5 16. Ng4 Kh8 17. Re3 Rc5 18. Rg3 d5 19. Qd2 Bxg4
20. hxg4 dxe4 21. g5 exd3 22. gxf6 Bxf6 $19 {Zeloic,R-Sorokin,M Bled op (3)
1992 1/2 41}) 12... Bg6 13. Bc4 Na5 14. Bb3 Nxb3 15. axb3 a6 16. Qd3 Rc8 (16...
d5 $2 17. Nxd5 Nxd5 18. Qxd5 Qxd5 19. exd5 Bxc2 20. Nxe5 Bxb3 21. Nd7 Rfe8 22.
Nb6 Rad8 23. Bf4 $16) 17. Ra4 (17. Nh4 $2 Bxe4 18. Nxe4 Nxe4 $17) 17... Bh7 18.
Rc4 b5 19. Rxc8 Qxc8 20. b4 Rd8 {/\d5} 21. Qe3 Rd7 22. Bd2 Rc7 23. Ra1 Qb7 24.
g5 hxg5 25. Nxg5 Bg6 26. Kh2 Rc4 27. Rg1 Rxb4 28. b3 Rd4 29. f3 d5 $1 30. Ne6
dxe4 $1 $19 31. Nxd4 exd4 32. Qxd4 Qc7+ 33. f4 (33. Kh1 Bc5 $19) 33... Bc5 34.
Qe5 Bd6 (34... Qxe5 35. fxe5 Bxg1+ 36. Kxg1 Nd7 $17) 35. Qg5 e3 36. Be1 Bxf4+
37. Bg3 Bxg3+ {Boensch} (37... Bxg3+ 38. Qxg3 Qxc3 $19) 0-1

[Event "Interzonal-14a"]
[Site "Subotica"]
[Date "1987.??.??"]
[Round "8"]
[White "Smyslov, Vassily V"]
[Black "Popovic, Petar"]
[Result "0-1"]
[WhiteElo "2550"]
[BlackElo "2540"]
[Annotator "Boensch,U"]
[PlyCount "126"]
[EventDate "1987.06.??"]
[EventType "tourn"]
[EventRounds "17"]
[EventCountry "YUG"]
[EventCategory "11"]
[SourceTitle "CBM 003"]
[Source "ChessBase"]
[SourceDate "1988.04.01"]
[SourceVersion "1"]
[SourceVersionDate "1988.04.01"]
[SourceQuality "1"]

1. e4 c5 2. Nf3 d6 3. d4 cxd4 4. Nxd4 Nf6 5. Nc3 Nc6 6. Be2 e5 7. Nf3 h6 8. O-O
Be7 9. Re1 {><d5 (Nd5)} O-O 10. h3 a6 11. a3 $5 (11. a4 $6) (11. Bf1 $5) 11...
b5 12. b3 Bb7 13. Bf1 $1 (13. Bb2 Nb8 $1) 13... Qc7 (13... Nb8 14. Nh4) 14. Bb2
$6 (14. Nd5) (14. a4 $5 b4 15. Nd5 Nxd5 16. exd5 Nb8 17. a5 $1) 14... Nb8 $1
15. Nh4 $6 g6 16. Qd2 Kh7 (16... Kg7 $5 17. f4 (17. Bc1 Rh8) 17... Nbd7 $13) (
16... Nh7) 17. Bc1 Ng8 18. Nf3 Nd7 19. a4 (19. Nd5 Bxd5 20. exd5 Ndf6 $1) 19...
b4 20. Nd5 Bxd5 21. exd5 a5 $15 22. Bb5 $6 Nc5 23. Qe2 f5 24. Nd2 Bf6 (24...
Nf6 $5) 25. Nc4 e4 $6 (25... Ne7 $1 26. Rd1 g5 {/\ Ng6-/+}) 26. Bf4 $1 Rad8 (
26... Bxa1 $6 27. Bxd6 Qg7 28. Bxc5) 27. Rad1 Bc3 28. Rf1 (28. Bd2 f4 $5) 28...
Nf6 29. Bc6 $6 Nh5 30. Be3 Rf7 31. Kh1 Rdf8 32. Rg1 Qd8 33. g3 Bg7 (33... Bf6
$1 {/\ Bg5}) 34. Kh2 Bc3 35. Rdf1 Bf6 $1 36. g4 Ng7 $1 37. f4 $8 exf3 38. Qxf3
Bg5 39. Bxg5 hxg5 40. gxf5 Rxf5 41. Qg2 Nh5 $6 (41... Ne4 $1 42. Rxf5 gxf5) 42.
Rxf5 Rxf5 43. Ne3 Re5 44. Qf3 (44. Ng4 $2 Nf4) 44... Qe7 45. Ng4 Rf5 $1 (45...
Re2+ $2 46. Rg2 Rxg2+ 47. Kxg2 {/\ Qe3}) 46. Qe3 Qg7 47. Re1 Nf6 $1 48. Nxf6+
Qxf6 49. Qe7+ Kh6 $1 $17 50. Qxf6 Rxf6 51. Kg2 (51. Kg3 Rf4 {/\ Ne4}) 51... g4
$1 52. hxg4 Kg5 53. Re7 $6 (53. Kg3 Rf4 54. Re6 $5 Rxg4+ 55. Kf3 (55. Kh3 $2
Rh4+ 56. Kg3 Nxe6 57. dxe6 Rh7 $19) 55... Rf4+ 56. Kg3 (56. Ke3 $2 Nxe6 57.
dxe6 Rf5 $19) 56... Rf6 57. Re8 $17) 53... Kxg4 54. Bb5 Rf5 $1 55. Bc4 Kf4 $1
$19 56. Ra7 $2 Ne4 57. Bd3 (57. Rxa5 Rg5+ 58. Kh2 (58. Kf1 Ke3 $19) 58... Kf3
$19) 57... Rxd5 58. Kf1 Ke3 59. Bxe4 Kxe4 60. Ke2 g5 61. Re7+ Re5 62. Rb7 g4
63. Kf2 Kd4 0-1

[Event "St Petersburg-ch"]
[Site "St Petersburg"]
[Date "1995.??.??"]
[Round "1"]
[White "Yemelin, Vasily"]
[Black "Lukin, Andrei M"]
[Result "0-1"]
[WhiteElo "2515"]
[BlackElo "2420"]
[Annotator "Chekhov,V"]
[PlyCount "72"]
[EventDate "1995.04.??"]
[EventType "tourn"]
[EventRounds "12"]
[EventCountry "RUS"]
[EventCategory "9"]
[SourceTitle "CBM 047"]
[Source "ChessBase"]
[SourceDate "1995.08.01"]
[SourceVersion "1"]
[SourceVersionDate "1995.08.01"]
[SourceQuality "1"]

1. e4 c5 2. Nf3 d6 3. d4 cxd4 4. Nxd4 Nf6 5. Nc3 Nc6 6. Be2 e5 7. Nf3 h6 8. O-O
Be7 9. b3 (9. Re1 O-O 10. h3 Be6 11. Bf1 Nb8 12. a4 Nbd7 13. a5 a6 14. b3 Rc8
15. Bb2 Re8 16. Nd5 Nxd5 17. exd5 Bf5 18. c4 e4 19. Nd2 Bg5 20. b4 Ne5 $1 $132
{Ermenkov,E-Greenfeld,A/Burgas/1994/0:1/37/}) 9... O-O 10. Bb2 a6 11. a4 (11.
Nd2 $5 Nd4 12. Bd3 b5 13. Re1 Bb7 14. Ne2 Ne6 $10 {Smysslov,V-Timman,J/Tilburg/
1977/}) 11... Qc7 $5 {N/} (11... Be6 $5 12. Re1 Rc8 13. Bf1 Nb4 {/\d5 Frias,
V-Fedorowicz,J/Budapest/1978/}) 12. Re1 Bd7 $6 (12... Nb8 $5 13. h3 Be6 14. Bf1
Nbd7) 13. Bf1 $6 (13. Nd5 $1 Nxd5 14. exd5 Nb8 15. c4 $16) 13... Rac8 14. Nd5 (
14. h3 $5) 14... Nxd5 15. exd5 Nb8 16. c4 Bg4 (16... a5 $5) 17. a5 f5 $44 18.
h3 Bh5 19. Be2 Bf6 (19... Nd7 $5) 20. Nd2 Bxe2 21. Rxe2 Nd7 22. b4 e4 23. Bxf6
Rxf6 24. g4 $2 (24. Rc1 $142 $5 Ne5 25. Rc3 Nd3 26. Qb3) 24... Rg6 25. Ra3 h5
$19 26. Rg3 hxg4 27. hxg4 f4 28. Rh3 Nf6 29. Kf1 f3 30. Re3 Rxg4 31. Qc2 Qd7
32. Rh1 (32. Nxe4 Rxe4 33. Rxe4 Qxh3+ $132) 32... Re8 33. c5 $6 dxc5 34. d6
Qxd6 35. Qc4+ Qd5 36. bxc5 Rd8 0-1

[Event "St Petersburg zt"]
[Site "St Petersburg"]
[Date "1993.??.??"]
[Round "6"]
[White "Landa, Konstantin"]
[Black "Aseev, Konstantin N"]
[Result "1-0"]
[WhiteElo "2445"]
[BlackElo "2515"]
[Annotator "Chekhov,V"]
[PlyCount "61"]
[EventDate "1993.01.??"]
[EventType "swiss"]
[EventRounds "9"]
[EventCountry "RUS"]
[SourceTitle "CBM 034"]
[Source "ChessBase"]
[SourceDate "1993.06.01"]
[SourceVersion "1"]
[SourceVersionDate "1993.06.01"]
[SourceQuality "1"]

1. e4 c5 2. Nf3 d6 3. d4 cxd4 4. Nxd4 Nf6 5. Nc3 Nc6 6. Be2 e5 $5 7. Nf3 h6 (
7... Be7 8. O-O O-O 9. Bg5 Be6 10. Bxf6 Bxf6 11. Nd5 Bxd5 12. Qxd5 Qc7 13. c3
Ne7 14. Qb3 Qc6 $13 {Kortschnoj-Renet/Reykjavik/1992/}) 8. O-O Be7 9. Re1 O-O
10. h3 Be6 11. Bf1 Nb8 (11... Qa5 12. Nb5 $1 (12. a3 Rfc8 13. Rb1 Nb8 14. Nh4
Nc6 15. Nf3 $8 Nb8 {0,5/Kramnik-Makarov/SSSR/1990/}) 12... a6 $8 13. Nxd6 Bxd6
(13... Rfd8 $2 14. Nxb7 Rxd1 15. Nxa5 Rxe1 16. Nxc6 $18) 14. Qxd6 Rfd8 15. Qa3
Qxa3 16. bxa3 Nd7 17. Be3 $14 {Kramnik-Makarov/SSSR/1991/}) 12. Nb1 $5 $146 (
12. b3 a6 13. Bb2 Nbd7 14. a4 Qc7 15. Nd2 Rad8 16. Nc4 Rfe8 17. Ne3 Qc6 {
Womacka-Aseev/Koln Porz/1991/} 18. Qf3 $14 {Aseev}) (12. Nd5 Nxd5 13. exd5 Bf5
14. Nd2 Nd7 15. Nc4 Bg6 16. a4 $14 {Geller-Kovalev/Berlin/1991/}) (12. a4 Nbd7
13. a5 Rc8 14. a6 Rxc3 15. bxc3 b6 16. Ba3 Qc7 17. Bb4 Nc5 18. Nd2 Qc6 19. Bd3
Rc8 20. Qe2 Bf8 21. c4 $1 $14 {Kindermann,S-Gulko,B/Aruba/1992/}) 12... Qc7 13.
b3 a6 14. c4 b5 15. Nfd2 (15. cxb5 axb5 16. Bxb5 Qb7 17. Nc3 (17. Bd3 Bxb3)
17... Rc8 $17) 15... Nc6 (15... b4 $6 16. a3 $1) (15... Nbd7 16. Nc3) 16. Nc3 (
16. cxb5 axb5 17. Bxb5 Rfb8 18. Bc4 $13) 16... Nd4 17. Bb2 bxc4 18. bxc4 $5 (
18. Bxc4 Rfd8 $13) 18... Rab8 19. Rb1 Bd7 $6 (19... Rfc8 $5) 20. Nb3 $1 $16
Nxb3 (20... Ne6 $5) 21. axb3 Rb6 22. Bd3 $1 Rfb8 23. Bc2 Bd8 (23... Be6 $5 24.
Ba3) 24. Ba3 Rc8 25. Re3 Be7 26. Ra1 Be6 27. Rd3 Bf8 28. Qd2 (28. Kh2 $5) 28...
Nh5 29. h4 Nf4 $6 (29... Nf6 $5) 30. Re3 Ng6 31. g3 $138 1-0

[Event "Maccabiah SuperGM"]
[Site "Jerusalem"]
[Date "2005.07.14"]
[Round "4"]
[White "Felgaer, Ruben Alejandro"]
[Black "Smirin, Ilia"]
[Result "0-1"]
[WhiteElo "2618"]
[BlackElo "2652"]
[Annotator "Erenburg,S"]
[PlyCount "82"]
[EventDate "2005.07.10"]
[EventType "tourn"]
[EventRounds "5"]
[EventCountry "ISR"]
[EventCategory "14"]
[SourceTitle "CBM 108"]
[Source "ChessBase"]
[SourceDate "2005.09.26"]
[SourceVersion "1"]
[SourceVersionDate "2005.09.26"]
[SourceQuality "1"]

1. e4 c5 2. Nf3 Nc6 3. d4 cxd4 4. Nxd4 Nf6 5. Nc3 d6 6. Be2 e5 7. Nf3 h6 8. O-O
Be7 9. Re1 O-O 10. h3 {[%csl Rg4][%cal Rh3g4,Yc8g4,Yf6g4,Gc1e3,Ge2f1] White
covers the g4 square, preventing Black's Ng4 and Bg4. It can be useful, if
White will choose the plan with Bf1or developing the dark-squared bishop to e3.
} (10. Bf1 {is met by} Bg4) 10... a6 {Black prepares counter play on the
queenside with b7-b5.} 11. Bf1 {strengthening the e4 pawn.} Qc7 12. Nd5 {
The idea of this move is to create pawn majority on the queenside. On the
other hand, Black will get the possibility to develop an initiative on the
kingside by pushing forward "e" and "f" pawns. The main alternatives are:} (12.
Nb1 $5 {[%cal Gc2c4]} b5 13. a4 $5 b4 14. Nbd2 {[%csl Yb3,Yc4][%cal Yf1c4,
Yd2c4,Yd2b3]} Na5 15. Bd3 Be6 16. Qe2 Rfe8 17. b3 Bf8 18. Nf1 Qc6 19. Bd2 $14 {
1-0 Erenska Radzewska,H-Gajic,D/Jajce 1990/TD (41)}) (12. b3 {1-0 Smeets,
J-Brenke,A/Lippstadt 2003/CBM 097/[Gofshtein,L] (44)}) (12. Nh2 {0-1 Volokitin,
A-Avrukh,B/Biel 2000/CBM 077 ext/[Avrukh,B] (30)}) 12... Nxd5 13. exd5 Nb8 {
The idea of this move is to transfer the knight to the excellent c5 square via
d7. Other possibilities are:} (13... Na5 14. c4 Bd7 (14... Nxc4 $2 15. Qc2 b5
16. b3) 15. Bd2 Bf6 16. Rc1 e4 17. Rxe4 Bxb2 $132 {1/2-1/2 Schikor,T-Andresen,
S/Dresden 1995/EXT 97 (32)}) (13... Nd8 14. c4 f5 {[%cal Rd8f7]} 15. b3 Nf7 16.
Bb2 Bf6 17. Rc1 b6 18. b4 a5 19. a3 axb4 20. axb4 {1/2-1/2 Velcheva,
M-Kovalevskaya,E/Vrnjacka Banja 1999/EXT 2000 (20)}) 14. c4 ({After} 14. a4 {
Black solves opening problems as well:} a5 15. Nd2 f5 16. Nc4 Nd7 17. f4 Bh4 $5
$36 {0-1 Geller,E-Galliamova,A/Aruba 1992/CBM 33 (37)}) 14... Nd7 {Black tried
also} (14... a5 15. Be3 Na6 16. a3 Bd7 {1/2-1/2 Odeev,H-Avrukh,B/Linares 2001/
CBM 081/[Gofshtein,L] (58)}) (14... Bf5 15. b3 Nd7 16. Bb2 Bh7 17. b4 Rfe8 18.
a3 Bf8 19. Qb3 b6 20. Nd2 $14 {1-0 Mainka,R-Andresen,S/Germany 1994/GER-chT 
(47)}) (14... f5 $5 15. Rb1 (15. b3 Bf6 16. Bb2 Nd7 17. b4 b6 18. Qb3 Rb8 19.
Rad1 $14 {1/2-1/2 Jonasson,B-Vidarsson,J/Kopavogur 1994/CBM 41 ext (66)}) 15...
Bf6 16. b3 Nd7 17. Bb2 a5 18. Qc2 Nc5 19. Nd2 Bd7 $132 {0-1 Herrera,I-Otero,E/
Havana 1990/EXT 2000 (34)}) 15. a3 a5 {threatening to fix White's queenside
pawns by a5-a4 with following occupation of c5 square.} 16. b3 Nc5 17. Be3 Bf5
18. Ra2 {White moves away the rook from the "a" file in order to carry out
b3-b4 advance.} (18. b4 axb4 19. axb4 Rxa1 20. Qxa1 Nd3 $132 {[%cal Gd3e1,
Gd3b4,Yc7c4]}) 18... Bh7 $146 {It is not so clear where is the best position
for the light-squared bishop... In the preceding game Black continued} (18...
Bg6 19. Rb2 Bf6 20. b4 axb4 21. axb4 e4 22. Nd4 Nd3 23. Bxd3 exd3 24. Qb3 Rfc8
$132 {1/2-1/2 Bar,R-Botvinnik,I/Rishon Le Ziyyon 1997/CBM 62 ext (62)}) 19. Rb2
Bf6 $11 {In my opinion, Black has solved the opening problems. His pieces are
coordinated well, which makes very difficult White's b3-b4 advance.} 20. b4 $6
({Worth consideration:} 20. Nh2 $5 $11 {[%cal Yh2g4]}) 20... axb4 $5 (20... Nd3
{is strong enough as well:} 21. Bxd3 Bxd3 22. Qxd3 (22. c5 e4 $15) 22... e4 23.
Qxe4 Bxb2 $15) 21. axb4 e4 {Black's bishops start to work.} 22. Nd4 Nd3 23.
Bxd3 exd3 {White faces some problems - his pieces are not coordinated yet,
while Black's bishops are active.} 24. Qb3 Rfe8 $1 {threatening with the
capture on d4, that forces White to move away the kingside rook from "e" file.}
(24... Rac8 25. Rc1 $13) 25. Rd1 $6 {After this move Black achieves an obvious
advantage.} ({Better was} 25. Nb5 Qd7 26. Ra2 Rac8 $15) 25... Rac8 26. Nb5 (26.
Rc1 Rxe3 $1 27. fxe3 Qe7 $19) 26... Qd7 ({Worse is} 26... Qxc4 27. Nxd6 (27.
Qxc4 Rxc4 28. Nxd6 Bxb2 29. Nxc4 Bc3 $15) 27... Qa6 28. Nxe8 Bxb2 29. Qxb2 Rxe8
$11) 27. Rbd2 (27. Ra2 Re4 28. Rc1 Bf5 $36 {[%cal Gf5h3]}) 27... Re4 $1 28. Rc1
({After} 28. Na3 {Black succeeds to destroy White's queenside pawn
construction.} b5 $1 29. c5 dxc5 30. bxc5 Re5 31. d6 Bg5 32. Qxb5 Qxb5 33. Nxb5
Rxe3 34. fxe3 Bxe3+ 35. Kf1 Bxd2 36. d7 Rd8 37. Rxd2 Rxd7 $17) 28... Qxb5 $1 {
[%mdl 512] Very nice queen sacrifice. Black's pair of bishops with strong
passed pawn "d" promise him an excellent prospects.} 29. cxb5 Rxc1+ 30. Rd1 ({
After} 30. Kh2 {White loses on the spot:} Rxe3 31. fxe3 Be5+ 32. g3 Be4 33. Rd1
d2 $19 {[%cal Ge4f3]}) 30... Rxd1+ 31. Qxd1 Rxb4 32. Qc1 Bg6 {liberating the
h7 square for the monarch.} 33. Qa3 (33. Qc8+ Kh7 34. Qxb7 Bd4 $1 35. Bd2 (35.
Qe7 Rb1+ 36. Kh2 Re1 $19) 35... Rb2 $19) ({Probably, last chance was} 33. b6
Rb2 {[%cal Gd3d2]} 34. Kh2 Be5+ 35. g3 Rc2 $17 {/-+}) 33... Rb2 {threatening
with d3-d2 advance.} 34. Qa5 Kh7 {Nice prophylactic move. Black robs from
White the resources of some checks on the 8-th rank.} 35. b6 Be5 $1 $19 {
[%cal Gb2b1] White is hopeless against Black's pair of bishops and passed "d"
pawn.} 36. f4 (36. g4 Be4 $19) 36... Bf6 {[%cal Gg6e4]} 37. g4 Bd4 $1 {wins
immediately.} 38. Bxd4 d2 39. Bxb2 d1=Q+ 40. Kf2 Qc2+ 41. Kg3 Qxb2 {White
resigned in view of the following variation:} (41... Qxb2 42. f5 Qe5+ 43. Kg2
Bxf5 44. gxf5 Qxf5 $19) 0-1